[Event "Titled Tuesday intern op 4th Aug 10am"]
[Site "Chess.com INT"]
[Date "2020.08.04"]
[Round "7"]
[White "Al Tarbosh, Ward"]
[Black "Costa, Paulo Cesar"]
[Result "1-0"]
[WhiteElo "2230"]
[BlackElo "1974"]
[PlyCount "75"]
[EventDate "2020.08.04"]
[EventType "swiss (blitz)"]
[EventRounds "10"]
[EventCountry "USA"]
[SourceTitle "CBM 197 Extra"]
[Source "ChessBase"]
[SourceDate "2020.09.30"]
[SourceVersion "1"]
[SourceVersionDate "2020.09.30"]
[SourceQuality "1"]

1. d4 d5 2. Nf3 e6 3. Nc3 Nf6 4. Bg5 Be7 5. e3 0-0 6. Bd3 h6 7. h4 b6 8. Ne5 Nfd7 9. f4 Nxe5 10. dxe5 f5 11. exf6 Bxf6 12. Qh5 Qe8 13. Bg6 Bxc3+ 14. bxc3 Qc6 15. Kd2 Nd7 16. Rh3 Nf6 17. Bxf6 Rxf6 18. Rg3 Ba6 19. Qe5 Raf8 20. Rh1 Qc4 21. Bd3 Qa4 22. h5 Bxd3 23. Kxd3 Qc4+ 24. Kd2 Qxa2 25. Rh4 Qc4 26. Rhg4 R8f7 27. Rg6 d4 28. exd4 Rxg6 29. hxg6 Rf8 30. Re3 Qf1 31. Qxe6+ Kh8 32. f5 Qxg2+ 33. Re2 Qg5+ 34. Kd3 Qg3+ 35. Re3 Qg1 36. Qf7 Qf1+ 37. Kd2 Rg8 38. Qxg8+ 1-0

[Event "Titled Tuesday intern op 4th Aug 10am"]
[Site "Chess.com INT"]
[Date "2020.08.04"]
[Round "2"]
[White "Benkovic, Petar"]
[Black "Costa, Paulo Cesar"]
[Result "1-0"]
[WhiteElo "2399"]
[BlackElo "1974"]
[PlyCount "155"]
[EventDate "2020.08.04"]
[EventType "swiss (blitz)"]
[EventRounds "10"]
[EventCountry "USA"]
[SourceTitle "CBM 197 Extra"]
[Source "ChessBase"]
[SourceDate "2020.09.30"]
[SourceVersion "1"]
[SourceVersionDate "2020.09.30"]
[SourceQuality "1"]

1. d4 e6 2. c4 d5 3. Nc3 c6 4. cxd5 exd5 5. Qc2 Nf6 6. Bg5 Be7 7. e3 0-0 8. Bd3 Nbd7 9. Nf3 Re8 10. 0-0 Nf8 11. h3 Be6 12. Ne5 N6d7 13. Bxe7 Qxe7 14. f4 f6 15. Nf3 Bf7 16. Rae1 c5 17. Nb5 c4 18. Bf5 Nb6 19. Qf2 Be6 20. Bb1 Qd7 21. Nc3 Re7 22. g4 Rae8 23. f5 Bf7 24. Nh4 Na4 25. Ng2 Nxc3 26. bxc3 Qc6 27. Qb2 Nd7 28. Bc2 b5 29. Re2 Nb6 30. Rb1 a6 31. Qb4 Nc8 32. a4 Qc7 33. axb5 axb5 34. Qxb5 Qg3 35. Ba4 Rf8 36. Qc5 Rc7 37. Qa5 Ra7 38. Qb4 Qxh3 39. Bc6 Qxg4 40. Rbe1 Rc7 41. Qa4 Qg3 42. e4 dxe4 43. d5 Qd6 44. Rxe4 Nb6 45. Qa6 Nxd5 46. Rxc4 Nf4 47. Qb6 Bxc4 48. Rd1 Rxc6 49. Rxd6 Rxb6 50. Rxb6 h6 51. Nxf4 Bf7 52. Rc6 Rb8 53. Rc7 Rb1+ 54. Kf2 Rc1 55. Ke3 Re1+ 56. Kd2 Rf1 57. Ng6 Rxf5 58. Ne7+ Kh7 59. Nxf5 Kg6 60. Nd4 h5 61. Re7 h4 62. Nf3 h3 63. Nh4+ Kh5 64. Rxf7 Kxh4 65. Rxg7 Kh5 66. Rh7+ Kg6 67. c4 f5 68. Rxh3 f4 69. Rf3 Kf6 70. Kd3 Kg5 71. Ke4 Kg4 72. Rxf4+ Kg5 73. c5 Kg6 74. c6 Kg7 75. c7 Kg6 76. c8Q Kg7 77. Qe6 Kh7 78. Rf7+ 1-0